Countries with the most precipitation by continent - Statistics

General Stats
  • This quiz has been taken 126 times
  • The average score is 17 of 25
Answer Stats
Hint mm Answer % Correct
Europe 1 220 United Kingdom
91%
Asia 2 702 Indonesia
88%
South America 3 240 Colombia
83%
Asia 2 875 Malaysia
82%
South America 2 387 Guyana
80%
South America 2 331 Suriname
80%
South America 2 044 Venezuela
80%
South America 2 274 Ecuador
79%
Europe 1 414 Norway
79%
North America 2 926 Costa Rica
77%
Europe 1 940 Iceland
76%
North America 2 928 Panama
75%
Asia 2 497 Singapore
74%
North America 2 280 Nicaragua
71%
Asia 2 722 Brunei
69%
Europe 1 537 Switzerland
61%
Asia 2 666 Bangladesh
55%
Africa 3 200 Sao Tome and Principe
54%
Africa 2 330 Seychelles
54%
North America 2 301 Saint Lucia
53%
North America 2 350 Grenada
52%
Africa 2 156 Equatorial Guinea
51%
Africa 2 391 Liberia
48%
Africa 2 526 Sierra Leone
48%
Europe 1 162 Slovenia
40%
No matching quizzes found
Score Distribution
Percent of People with Each Score
Percentile by Number Answered
Your Score History
You have not taken this quiz